Un enfoque al problema de la programación económica (Registro nro. 28533)

Detalles MARC
000 -LEADER
fixed length control field 00396 a2200109 4500
001 - CONTROL NUMBER
control field ART_23379
005 - DATE AND TIME OF LATEST TRANSACTION
control field 20260410161930.0
008 - FIXED-LENGTH DATA ELEMENTS--GENERAL INFORMATION
fixed length control field 260409a
100 1# - MAIN ENTRY--PERSONAL NAME
Personal name Dieulefait, Enrique
245 10 - TITLE STATEMENT
Title Un enfoque al problema de la programación económica
773 0# - HOST ITEM ENTRY
Title Revista de la Facultad de Ciencias Económicas de la Universidad de Cuyo
Related parts - Año XII, Nº 37 (ene. 1961)
Record control number REV22981

No hay ítems disponibles.